[Event "Cto Aragon Equipos 2025 - Div. Honor"]
[Site "Aragon"]
[Date "2025.02.01"]
[Round "2.18"]
[White "Asensio Asensio, Nicolas"]
[Black "Gavin Roche, Enrique"]
[Result "1/2-1/2"]
[WhiteElo "2178"]
[BlackElo "2145"]
[PlyCount "77"]
[GameId "2147807426432027"]
[EventDate "2025.01.25"]
[EventCountry "ESP"]
[WhiteTeam "Aulazenter"]
[BlackTeam "ONCE CA Aragon Delicias"]

1. e4 e5 2. Nf3 d6 3. d4 Nf6 4. dxe5 Nxe4 5. Qd5 Nc5 6. Bg5 Qd7 7. exd6 Bxd6 8. Nc3 O-O 9. O-O-O a6 10. Be3 Qe7 11. Qh5 Nbd7 12. Bc4 Nf6 13. Qh4 Nce4 14. Bd4 c5 15. Nxe4 Nxe4 16. Qxe7 Bxe7 17. Rhe1 cxd4 18. Rxe4 Bf6 19. Nxd4 b5 20. Bd5 Ra7 21. c3 Rc7 22. a3 g6 23. Bb3 Bb7 24. Rg4 Bc8 25. Re4 Bb7 26. Rg4 Bc8 27. Rg3 Bh4 28. Rgd3 Bxf2 29. Rf1 Bh4 30. Kb1 Bb7 31. Rd2 Re7 32. Nf3 Bf6 33. Ka2 Kg7 34. Rd6 Rc8 35. g4 h6 36. h4 Rc5 37. Rb6 Bc8 38. Rg1 Re2 39. Nd4 1/2-1/2

[Event "Cto Aragon Equipos 2025 - Div. Honor"]
[Site "Aragon"]
[Date "2025.02.01"]
[Round "2.19"]
[White "Lamas Mercadal, Manuel"]
[Black "Miranda Herrera, Jorge Manuel"]
[Result "1/2-1/2"]
[WhiteElo "2105"]
[BlackElo "2101"]
[PlyCount "98"]
[GameId "2147807426464796"]
[EventDate "2025.01.25"]
[EventCountry "ESP"]
[WhiteTeam "ONCE CA Aragon Delicias"]
[BlackTeam "Aulazenter"]

1. e4 e6 2. d3 d5 3. Nd2 Nc6 4. Ngf3 e5 5. c3 Nf6 6. Be2 a5 7. O-O Bc5 8. Nxe5 Nxe5 9. d4 Nxe4 10. Nxe4 dxe4 11. dxe5 O-O 12. Bf4 Qh4 13. Qc1 Bg4 14. Bg5 Qh5 15. Bxg4 Qxg4 16. Qf4 Qxf4 17. Bxf4 f5 18. Rad1 Rf7 19. Rd5 b6 20. Rfd1 Re8 21. Kf1 h6 22. h4 c6 23. Rd8 Rfe7 24. h5 Kf7 25. Ke2 a4 26. b4 axb3 27. axb3 b5 28. b4 Rxd8 29. Rxd8 Bb6 30. Rd6 Re6 31. Rd7+ Re7 32. Rd6 Ra7 33. Rxc6 Ra2+ 34. Bd2 Bxf2 35. Kxf2 Rxd2+ 36. Kf1 Rd5 37. Rc7+ Ke6 38. Rxg7 Kxe5 39. Ke2 Rd3 40. Rc7 Kf4 41. Rc5 Rg3 42. Kf2 e3+ 43. Kf1 Rg5 44. c4 Rxh5 45. cxb5 Rh1+ 46. Ke2 Rg1 47. Rc4+ Ke5 48. Kxe3 Rxg2 49. Rc5+ Ke6 1/2-1/2

[Event "Cto Aragon Equipos 2025 - Div. Honor"]
[Site "Aragon"]
[Date "2025.02.01"]
[Round "2.20"]
[White "Ania Puertolas, Javier"]
[Black "Laliena Solanes, Luis"]
[Result "0-1"]
[WhiteElo "1764"]
[BlackElo "2096"]
[PlyCount "68"]
[GameId "2147807426505757"]
[EventDate "2025.01.25"]
[EventCountry "ESP"]
[WhiteTeam "Aulazenter"]
[BlackTeam "ONCE CA Aragon Delicias"]

1. e4 c6 2. d3 d5 3. Nd2 g6 4. Ngf3 Bg7 5. g3 e5 6. Bg2 Ne7 7. O-O O-O 8. c3 Nd7 9. d4 exd4 10. Nxd4 Nc5 11. exd5 Nxd5 12. N2b3 Na4 13. Qf3 Re8 14. Rd1 Qf6 15. Qxf6 Bxf6 16. Bxd5 cxd5 17. Nb5 Bg4 18. Rf1 Re7 19. N5d4 Rae8 20. Kg2 Re1 21. Bf4 Rxf1 22. Rxf1 Nxb2 23. h3 Bd7 24. Nc5 Bc6 25. Rb1 Nc4 26. Nxb7 Bxd4 27. cxd4 g5 28. Nd6 Re6 29. Rb8+ Kg7 30. Rc8 gxf4 31. Rxc6 Rxd6 32. Rc7 Ra6 33. Rc5 Ra5 34. Kf3 Ne5+ 0-1

[Event "Cto Aragon Equipos 2025 - Div. Honor"]
[Site "Aragon"]
[Date "2025.02.01"]
[Round "2.21"]
[White "Romero Pallares, Daniel"]
[Black "Chueca Forcen, Alberto"]
[Result "1/2-1/2"]
[WhiteElo "2252"]
[BlackElo "2270"]
[PlyCount "70"]
[GameId "2147807426554910"]
[EventDate "2025.01.25"]
[EventCountry "ESP"]
[WhiteTeam "Palacio De Pioneros"]
[BlackTeam "Teruel"]

1. e4 c5 2. Nf3 g6 3. d4 cxd4 4. Nxd4 Nc6 5. c4 Nf6 6. Nc3 Nxd4 7. Qxd4 d6 8. Bg5 Bg7 9. Qd2 h6 10. Be3 Ng4 11. Bf4 Be6 12. Rc1 Rc8 13. b3 Qa5 14. h3 g5 15. Bg3 Ne5 16. Be2 Ng6 17. Bh5 Nf4 18. Bxf4 gxf4 19. Nd5 Qxd2+ 20. Kxd2 Be5 21. Ke2 Rg8 22. Kf3 Rg5 23. Bg4 h5 24. Bxe6 fxe6 25. Nxf4 Bxf4 26. Kxf4 Rxg2 27. Kf3 Rg6 28. Rcg1 Rf6+ 29. Ke3 Kd7 30. Rg5 Rcf8 31. Rh2 Rf3+ 32. Ke2 R3f4 33. Ke3 Rf3+ 34. Ke2 R3f4 35. Ke3 Rf3+ 1/2-1/2

[Event "Cto Aragon Equipos 2025 - Div. Honor"]
[Site "Aragon"]
[Date "2025.02.01"]
[Round "2.22"]
[White "Dominguez Bujeda, Jesus"]
[Black "Palacios Herrero, Pablo"]
[Result "0-1"]
[WhiteElo "2059"]
[BlackElo "2203"]
[PlyCount "106"]
[GameId "2147807426595871"]
[EventDate "2025.01.25"]
[EventCountry "ESP"]
[WhiteTeam "Teruel"]
[BlackTeam "Palacio De Pioneros"]

1. d4 d5 2. c4 e6 3. cxd5 exd5 4. Nc3 c6 5. Bf4 Nf6 6. e3 Bf5 7. Bd3 Bxd3 8. Qxd3 Be7 9. h3 O-O 10. Nf3 Re8 11. O-O Nbd7 12. Qc2 Nf8 13. Rab1 Ng6 14. Bg5 Ne4 15. Nxe4 dxe4 16. Bxe7 Qxe7 17. Nd2 Nh4 18. Qc5 Qf6 19. Qh5 Rad8 20. Qg4 h5 21. Qxh5 Nxg2 22. Kxg2 Rd5 23. Qe2 Rg5+ 24. Kh2 Qd6+ 25. Kh1 Qh6 26. Kh2 Re6 27. Nf3 exf3 28. Qxf3 Qh4 29. Qf4 Qxf4+ 30. exf4 Rf5 31. Rbd1 Re2 32. Kg3 Rxb2 33. Rfe1 Kf8 34. a3 Rd5 35. Re3 g6 36. Rdd3 Rc2 37. Rb3 b6 38. Rb4 b5 39. Rbb3 Rxd4 40. Rbc3 Rdd2 41. Kg4 c5 42. f5 Rxc3 43. Rxc3 gxf5+ 44. Kg5 c4 45. Re3 Rxf2 46. Kf6 Rg2 47. Kxf5 Kg7 48. Ke5 Rd2 49. Rg3+ Kf8 50. h4 Rd3 51. Rg1 Rxa3 52. Kd6 Rh3 53. Rb1 a6 0-1

[Event "Cto Aragon Equipos 2025 - Div. Honor"]
[Site "Aragon"]
[Date "2025.02.01"]
[Round "2.23"]
[White "Zambrana Petisme, Ramiro"]
[Black "Gil Pineiro, David"]
[Result "1-0"]
[WhiteElo "2102"]
[BlackElo "1939"]
[PlyCount "53"]
[GameId "2147807426685984"]
[EventDate "2025.01.25"]
[EventCountry "ESP"]
[WhiteTeam "Palacio De Pioneros"]
[BlackTeam "Teruel"]

1. e4 c5 2. Nf3 g6 3. d4 cxd4 4. Nxd4 Nc6 5. c4 Nf6 6. Nc3 d6 7. Be2 Nxd4 8. Qxd4 Bg7 9. O-O O-O 10. Qd3 Be6 11. Be3 Qa5 12. Bd4 Rfc8 13. b3 Nd7 14. Bxg7 Kxg7 15. Rac1 a6 16. f4 f5 17. Qd4+ Nf6 18. Bf3 Rab8 19. Rfe1 Kf7 20. e5 Ne8 21. exd6 Nxd6 22. Re5 Qd8 23. Rce1 Ne4 24. Qxd8 Rxd8 25. Nxe4 fxe4 26. R1xe4 Rd6 27. c5 1-0

[Event "Cto Aragon Equipos 2025 - Div. Honor"]
[Site "Aragon"]
[Date "2025.02.01"]
[Round "2.24"]
[White "Abancens Fernandez, Bernardo"]
[Black "Climente Martinez, Jose Luis"]
[Result "0-1"]
[WhiteElo "1862"]
[BlackElo "2021"]
[PlyCount "42"]
[GameId "2147807426735137"]
[EventDate "2025.01.25"]
[EventCountry "ESP"]
[WhiteTeam "Teruel"]
[BlackTeam "Palacio De Pioneros"]

1. b3 d5 2. Bb2 Nf6 3. g3 c6 4. Bg2 Bg4 5. h3 Bh5 6. d3 Nbd7 7. Nf3 Qc7 8. Nbd2 e5 9. c4 e4 10. dxe4 dxe4 11. Nh2 e3 12. Ndf1 exf2+ 13. Kxf2 Bc5+ 14. Bd4 O-O-O 15. g4 Qf4+ 16. Nf3 Ne5 17. e3 Ne4+ 18. Kg1 Bxd4 19. Qxd4 Nxf3+ 20. Bxf3 Qxf3 21. Qb2 Rd2 0-1

[Event "Cto Aragon Equipos 2025 - Div. Honor"]
[Site "Aragon"]
[Date "2025.02.01"]
[Round "2.25"]
[White "Ramo Frontinan, Cristobal"]
[Black "Garza Marco, Sergio"]
[Result "0-1"]
[WhiteElo "2293"]
[BlackElo "2384"]
[PlyCount "98"]
[GameId "2147807426772002"]
[EventDate "2025.01.25"]
[EventCountry "ESP"]
[WhiteTeam "Maristas"]
[BlackTeam "Helios"]

1. e4 c5 2. Nf3 e6 3. c4 Nc6 4. b3 a6 5. Nc3 Qc7 6. g3 Be7 7. Bg2 Bf6 8. O-O Nge7 9. Bb2 O-O 10. a3 d6 11. Rb1 Rb8 12. Ne2 Bxb2 13. Rxb2 e5 14. Nh4 b5 15. d3 bxc4 16. dxc4 Bg4 17. f3 Be6 18. Qd3 Nd4 19. f4 f6 20. Nxd4 cxd4 21. Rc1 Rfc8 22. Nf3 a5 23. Nd2 Qc5 24. Ra1 Rc7 25. Bf1 Rcb7 26. f5 Bf7 27. g4 Nc8 28. Qg3 Nb6 29. Rbb1 Nd7 30. Bd3 Qc7 31. Bc2 Nc5 32. Rc1 Be8 33. Re1 Bc6 34. Rab1 Kh8 35. h3 Rb6 36. Qf3 d3 37. Bd1 Ba4 38. Kh1 Bxb3 39. Bxb3 Nxb3 40. Qxd3 a4 41. Qd5 Nxd2 42. Rxb6 Rxb6 43. Qxd2 Qxc4 44. Qa5 Rb8 45. Qa7 Rc8 46. Qb7 h6 47. Rd1 Qc2 48. Qb1 Qf2 49. Rf1 Qe3 0-1

[Event "Cto Aragon Equipos 2025 - Div. Honor"]
[Site "Aragon"]
[Date "2025.02.01"]
[Round "2.26"]
[White "Navarro Alonso, Jorge"]
[Black "Neila Castillo, Miguel Angel"]
[Result "1/2-1/2"]
[WhiteElo "2182"]
[BlackElo "2119"]
[PlyCount "81"]
[GameId "2147807426808867"]
[EventDate "2025.01.25"]
[EventCountry "ESP"]
[WhiteTeam "Helios"]
[BlackTeam "Maristas"]

1. e4 c5 2. Nf3 d6 3. d4 cxd4 4. Nxd4 Nf6 5. Nc3 Nc6 6. Bc4 e6 7. Be3 Be7 8. Bb3 O-O 9. O-O Na5 10. f4 Nxb3 11. axb3 a6 12. Kh1 Bd7 13. e5 Nd5 14. Nxd5 exd5 15. Qh5 Qc7 16. Rae1 dxe5 17. fxe5 Bc5 18. c3 Rae8 19. Bf4 Qb6 20. Qd1 Bxd4 21. cxd4 Bf5 22. Re3 Rc8 23. Bg5 Qe6 24. Rg3 Bg6 25. h4 Kh8 26. h5 Bc2 27. Qd2 f6 28. Bh4 f5 29. h6 g6 30. Bf6+ Kg8 31. Rc1 Be4 32. Rgc3 Rc6 33. Kg1 Rfc8 34. Qg5 Rxc3 35. Rxc3 Rxc3 36. bxc3 Kf7 37. Bg7 Qe7 38. Bf6 Qe6 39. Bd8 Bc2 40. b4 Bd3 41. Kh2 1/2-1/2

[Event "Cto Aragon Equipos 2025 - Div. Honor"]
[Site "Aragon"]
[Date "2025.02.01"]
[Round "2.27"]
[White "Naya Sancho, Jose Ignacio"]
[Black "Torcal Miguel, Oscar"]
[Result "0-1"]
[WhiteElo "2076"]
[BlackElo "2115"]
[PlyCount "84"]
[GameId "2147807426858020"]
[EventDate "2025.01.25"]
[EventCountry "ESP"]
[WhiteTeam "Maristas"]
[BlackTeam "Helios"]

1. d4 Nf6 2. Bf4 g6 3. Nc3 d5 4. e3 Bg7 5. h4 h6 6. Qd2 c6 7. O-O-O Nbd7 8. Nf3 b5 9. Bd3 b4 10. Ne2 a5 11. Ne5 Qb6 12. f3 Ba6 13. Bxa6 Qxa6 14. Qd3 Nh5 15. Qxa6 Rxa6 16. Bh2 Bxe5 17. dxe5 Ng7 18. Rhe1 Nf5 19. Nd4 Nxh4 20. e6 fxe6 21. Nxe6 Kf7 22. Nf4 g5 23. Nd3 Nxg2 24. Re2 Nh4 25. Rf2 Rf8 26. e4 Kg6 27. exd5 cxd5 28. Ne5+ Nxe5 29. Bxe5 Rxf3 30. Re2 e6 31. Rde1 Rc6 32. Kb1 Nf5 33. c3 h5 34. cxb4 axb4 35. b3 h4 36. Bb2 Kf7 37. Rg1 g4 38. a4 bxa3 39. Bxa3 Rxb3+ 40. Ka2 Rg3 41. Rb1 Ra6 42. Rb7+ Kg6 0-1

[Event "Cto Aragon Equipos 2025 - Div. Honor"]
[Site "Aragon"]
[Date "2025.02.01"]
[Round "2.28"]
[White "Lorente Melcon, Hector"]
[Black "Campo Millan, Diego"]
[Result "0-1"]
[WhiteElo "1946"]
[BlackElo "2060"]
[PlyCount "60"]
[GameId "2147807426898981"]
[EventDate "2025.01.25"]
[EventCountry "ESP"]
[WhiteTeam "Helios"]
[BlackTeam "Maristas"]

1. e4 c5 2. Nf3 e6 3. d4 cxd4 4. Nxd4 a6 5. Nc3 Qc7 6. Bd3 Nc6 7. Nxc6 dxc6 8. O-O Nf6 9. f4 e5 10. Qe1 exf4 11. Bxf4 Qb6+ 12. Kh1 Be6 13. Bg5 Bb4 14. a3 Be7 15. Bxf6 Bxf6 16. e5 Be7 17. Qg3 g6 18. Ne4 O-O-O 19. b4 h5 20. h4 Rd4 21. Qf2 Kc7 22. Rad1 Rhd8 23. Rfe1 R4d5 24. Qf4 Qd4 25. c4 Qxe5 26. Qf3 Rd4 27. Re3 Bg4 28. Qxf7 Bxd1 29. Nc5 Qxe3 30. Ne6+ Kb8 {0-} 0-1

[Event "Cto Aragon Equipos 2025 - Div. Honor"]
[Site "Aragon"]
[Date "2025.02.01"]
[Round "2.29"]
[White "Lopez Caudevilla, David"]
[Black "Hinojar Basa, Alfonso"]
[Result "1/2-1/2"]
[WhiteElo "2186"]
[BlackElo "2197"]
[PlyCount "64"]
[GameId "2147807426931750"]
[EventDate "2025.01.25"]
[EventCountry "ESP"]
[WhiteTeam "Actur Rey Fernando"]
[BlackTeam "Marcos Frechin A"]

1. Nf3 c5 2. g3 Nc6 3. Bg2 g6 4. d3 Bg7 5. O-O e6 6. Re1 Nge7 7. e4 d6 8. c3 O-O 9. Be3 b6 10. d4 e5 11. Na3 Ba6 12. Qd2 Qc7 13. Rac1 Rad8 14. b4 Bb7 15. Qe2 exd4 16. cxd4 Nxb4 17. e5 Ba6 18. Nb5 Qd7 19. a4 Nf5 20. Bg5 Rc8 21. exd6 Bxb5 22. Qxb5 Qxb5 23. axb5 f6 24. d7 Rcd8 25. dxc5 bxc5 26. Be3 Nd3 27. Bxc5 Nxe1 28. Nxe1 Rxd7 29. Bxf8 Bxf8 30. Bc6 Rd8 31. Nf3 Nd4 32. Nxd4 Rxd4 1/2-1/2

[Event "Cto Aragon Equipos 2025 - Div. Honor"]
[Site "Aragon"]
[Date "2025.02.01"]
[Round "2.30"]
[White "Atares Buisan, Sergio"]
[Black "Abos Rosico, Antonio"]
[Result "1-0"]
[WhiteElo "2107"]
[BlackElo "2049"]
[PlyCount "59"]
[GameId "2147807426968615"]
[EventDate "2025.01.25"]
[EventCountry "ESP"]
[WhiteTeam "Marcos Frechin A"]
[BlackTeam "Actur Rey Fernando"]

1. e4 c5 2. Nf3 Nf6 3. e5 Nd5 4. Nc3 e6 5. Nxd5 exd5 6. d4 Nc6 7. Bd3 d6 8. O-O dxe5 9. Nxe5 Nxe5 10. Re1 Be7 11. Rxe5 O-O 12. dxc5 Be6 13. Qh5 g6 14. Qh6 Bf6 15. Rh5 Re8 16. Qxh7+ Kf8 17. Bxg6 Ke7 18. Bxf7 Rh8 19. Bg8+ Rxh7 20. Rxh7+ Ke8 21. Bxe6 Qa5 22. Bf4 Rd8 23. c3 Bxc3 24. bxc3 Qxc3 25. Bf7+ Kd7 26. Bxd5+ Ke8 27. Bf7+ Kf8 28. Bh6+ Ke7 29. Bb3+ Ke8 30. Ba4+ 1-0

[Event "Cto Aragon Equipos 2025 - Div. Honor"]
[Site "Aragon"]
[Date "2025.02.01"]
[Round "2.31"]
[White "Perez Puyal, Jose Joaquin"]
[Black "Perez Tomas, Juan Manuel"]
[Result "1/2-1/2"]
[WhiteElo "1901"]
[BlackElo "1959"]
[PlyCount "124"]
[GameId "2147807427017768"]
[EventDate "2025.01.25"]
[EventCountry "ESP"]
[WhiteTeam "Actur Rey Fernando"]
[BlackTeam "Marcos Frechin A"]

1. d4 d5 2. Nf3 e6 3. e3 Nf6 4. Bd3 b6 5. Nbd2 Bb7 6. O-O Be7 7. Ne5 O-O 8. Qf3 Nbd7 9. Nxd7 Qxd7 10. b3 c5 11. c3 Rac8 12. Qe2 Ne4 13. Bxe4 dxe4 14. Nc4 Qc7 15. Bb2 f5 16. Rac1 Rf6 17. Ne5 Bd6 18. c4 cxd4 19. exd4 Rh6 20. Qe3 Rf8 21. Qf4 Qe7 22. c5 bxc5 23. dxc5 Bxc5 24. Rxc5 Qxc5 25. Nd7 Qe7 26. Nxf8 Qxf8 27. Rc1 Rg6 28. Rc7 Qb4 29. Bc3 Qb5 30. Rxg7+ Rxg7 31. Qb8+ Kf7 32. Qc7+ Ke8 33. Qxg7 Qd5 34. Qg8+ Kd7 35. Qf7+ Kc8 36. Qe8+ Kc7 37. Qe7+ Kc8 38. Qf8+ Kc7 39. Qg7+ Kc6 40. Qd4 Qxd4 41. Bxd4 Kb5 42. Bxa7 Kb4 43. Kf1 Ba6+ 44. Ke1 Bd3 45. Bb8 Ka3 46. Kd2 Kb2 47. Be5+ Kxa2 48. Kc3 Kb1 49. Bf4 e5 50. Bxe5 Kc1 51. g3 Kd1 52. Bd4 Ke2 53. Be3 h5 54. Kd4 Kf3 55. Ke5 h4 56. gxh4 Kg4 57. h5 Kxh5 58. Kxf5 Kh4 59. Bf4 e3+ 60. Ke5 exf2 61. Bg3+ Kh3 62. Bxf2 Kxh2 1/2-1/2

[Event "Cto Aragon Equipos 2025 - Div. Honor"]
[Site "Aragon"]
[Date "2025.02.01"]
[Round "2.32"]
[White "Moya Gimeno, Raul"]
[Black "Leon Dionis, Mateo"]
[Result "1-0"]
[WhiteElo "1958"]
[BlackElo "1891"]
[PlyCount "99"]
[GameId "2147807427316777"]
[EventDate "2025.01.25"]
[EventCountry "ESP"]
[WhiteTeam "Marcos Frechin A"]
[BlackTeam "Actur Rey Fernando"]

1. e4 c6 2. Nc3 d5 3. Nf3 Bg4 4. h3 Bxf3 5. Qxf3 e6 6. d4 Nf6 7. Bd3 Qb6 8. O-O Nbd7 9. e5 Ng8 10. Qg4 Ne7 11. a3 g6 12. b4 h5 13. Qh4 Nf5 14. Bxf5 Be7 15. Bg5 Bxg5 16. Qxg5 gxf5 17. Rfd1 Qd8 18. Qg7 Rf8 19. Qh6 Qh4 20. Rd3 Rg8 21. Ne2 Ke7 22. Nf4 Raf8 23. g3 Kd8 24. Kh2 Qe7 25. Qxh5 f6 26. Qe2 fxe5 27. dxe5 Nb6 28. Rd4 Ke8 29. Rad1 Nc4 30. Nh5 Rg5 31. Nf6+ Rxf6 32. exf6 Qxf6 33. h4 Rg6 34. Qh5 Ne5 35. Kg2 Ke7 36. Qe2 f4 37. Qh5 Nf7 38. Rxf4 Qg7 39. Qe2 e5 40. Re1 e4 41. c4 Ne5 42. cxd5 cxd5 43. Qb5 Ke6 44. Rd1 Nd3 45. Qe8+ Kd6 46. Rf7 Rxg3+ 47. fxg3 Qb2+ 48. Kf1 Qh2 49. Rf6+ Kc7 50. Qe7+ 1-0

[Event "Cto Aragon Equipos 2025 - Preferente"]
[Site "Aragon"]
[Date "2025.02.01"]
[Round "2.33"]
[White "Gutierrez Mingueza, Ruben"]
[Black "Arino Lison, Juan Jose"]
[Result "1/2-1/2"]
[WhiteElo "2008"]
[BlackElo "2064"]
[PlyCount "97"]
[GameId "2147807427365930"]
[EventDate "2025.01.25"]
[EventCountry "ESP"]
[WhiteTeam "San Jose"]
[BlackTeam "Iberajedrez Mundo 64 B"]

1. d4 d5 2. c4 c6 3. e3 Nf6 4. Nc3 e6 5. Nf3 Nbd7 6. b3 Bd6 7. Bd3 O-O 8. Bb2 Qe7 9. Qc2 e5 10. cxd5 cxd5 11. dxe5 Nxe5 12. Nxe5 Bxe5 13. Ne2 Qb4+ 14. Bc3 Bxc3+ 15. Qxc3 Qxc3+ 16. Nxc3 d4 17. exd4 Re8+ 18. Ne2 Bg4 19. f3 Bd7 20. Kf2 Nd5 21. a3 Rad8 22. Rac1 Bc6 23. Rhd1 g6 24. Be4 Bb5 25. Nc3 Nxc3 26. Rxc3 f5 27. Bd3 Bc6 28. Bc4+ Kg7 29. Re3 Rxe3 30. Kxe3 Bd5 31. Bxd5 Rxd5 32. Rc1 Rd7 33. d5 Kf6 34. Kd4 h5 35. h4 a6 36. b4 g5 37. hxg5+ Kxg5 38. g3 f4 39. gxf4+ Kxf4 40. Rh1 Rh7 41. Rh3 h4 42. d6 Kf5 43. Kd5 Kf6 44. Ke4 Ke6 45. Kf4 Kxd6 46. Kg5 Ke5 47. Kg6 Rh8 48. Kg7 Rh5 49. Kg6 {Tablas} 1/2-1/2

[Event "Cto Aragon Equipos 2025 - Preferente"]
[Site "Aragon"]
[Date "2025.02.01"]
[Round "2.34"]
[White "Sancho Cortes, Miguel Angel"]
[Black "Ferreruela Romero, Jose Joaquin"]
[Result "1-0"]
[WhiteElo "2017"]
[BlackElo "1972"]
[PlyCount "62"]
[GameId "2147807427435563"]
[EventDate "2025.01.25"]
[EventCountry "ESP"]
[WhiteTeam "Iberajedrez Mundo 64 B"]
[BlackTeam "San Jose"]

1. d4 e6 2. e4 d5 3. exd5 Qxd5 4. Nf3 Nf6 5. Bd3 Be7 6. O-O O-O 7. Bf4 Qd8 8. c4 b6 9. Nc3 Bb7 10. Qe2 Re8 11. Rad1 a6 12. Ne5 Nc6 13. Be3 g6 14. Rfe1 Qc8 15. Bb1 Nxe5 16. dxe5 Nd7 17. f4 Bc6 18. Be4 Bxe4 19. Nxe4 Rd8 20. Rd3 f5 21. exf6 Nxf6 22. Rxd8+ Qxd8 23. Ng5 Qd7 24. Rd1 Qc6 25. Bd4 Re8 26. b3 Bc5 27. Qe5 Bxd4+ 28. Rxd4 Ng4 29. Qe4 Qxe4 30. Rxe4 e5 31. fxe5 Nxe5 1-0

[Event "Cto Aragon Equipos 2025 - Preferente"]
[Site "Aragon"]
[Date "2025.02.01"]
[Round "2.35"]
[White "Palomar Ramon, Santiago"]
[Black "Moreno Burillo, Marcos Antonio"]
[Result "1-0"]
[WhiteElo "1943"]
[BlackElo "1906"]
[PlyCount "47"]
[GameId "2147807427480620"]
[EventDate "2025.01.25"]
[EventCountry "ESP"]
[WhiteTeam "San Jose"]
[BlackTeam "Iberajedrez Mundo 64 B"]

1. d4 g6 2. e4 Bg7 3. Nc3 d6 4. Bg5 c6 5. Qd2 b5 6. Nge2 Nf6 7. f3 Nbd7 8. Ng3 h5 9. h4 b4 10. Nd1 a5 11. Nf2 Qb6 12. Rd1 Ba6 13. Bxa6 Rxa6 14. O-O O-O 15. Bh6 c5 16. Bxg7 Kxg7 17. Qg5 Rh8 18. e5 Nd5 19. dxc5 Qxc5 20. Nf5+ Kf8 21. Rxd5 Qxd5 22. Qxe7+ Kg8 23. Qxd7 Kh7 24. Ne4 {1-0 White wins.} 1-0

[Event "Cto Aragon Equipos 2025 - Preferente"]
[Site "Aragon"]
[Date "2025.02.01"]
[Round "2.36"]
[White "Rene Villalba, Mireia"]
[Black "Repolles Bel, Antonio"]
[Result "1-0"]
[WhiteElo "1819"]
[BlackElo "1845"]
[PlyCount "55"]
[GameId "2147807427517485"]
[EventDate "2025.01.25"]
[EventCountry "ESP"]
[WhiteTeam "Iberajedrez Mundo 64 B"]
[BlackTeam "San Jose"]

1. d4 Nf6 2. c4 e5 3. dxe5 Ng4 4. e3 Nxe5 5. Nh3 Bb4+ 6. Bd2 Qe7 7. Nf4 c6 8. a3 Bd6 9. b4 b6 10. Qb3 Bb7 11. Nc3 O-O 12. Be2 c5 13. Ncd5 Bxd5 14. Nxd5 Qg5 15. O-O Ng6 16. f4 Qd8 17. b5 a5 18. a4 Be7 19. Bc3 d6 20. Qb2 f6 21. Bf3 Ra7 22. g3 Nd7 23. Rad1 Qb8 24. f5 Nde5 25. fxg6 Nxc4 26. Qb3 Ne5 27. Nxe7+ Kh8 28. Bxe5 1-0

[Event "Cto Aragon Equipos 2025 - Preferente"]
[Site "Aragon"]
[Date "2025.02.01"]
[Round "2.37"]
[White "Gomez Salinas, Nestor"]
[Black "Colon Garcia, Santiago"]
[Result "0-1"]
[WhiteElo "1978"]
[BlackElo "1939"]
[PlyCount "74"]
[GameId "2147807427570734"]
[EventDate "2025.01.25"]
[EventCountry "ESP"]
[WhiteTeam "Palacio De Pioneros B"]
[BlackTeam "Marcos Frechin C"]

1. e4 c6 2. Nc3 d5 3. Nf3 dxe4 4. Nxe4 Nf6 5. Ng3 Bg4 6. Bc4 e6 7. h3 Bxf3 8. Qxf3 Be7 9. O-O O-O 10. Rd1 Nbd7 11. d4 b5 12. Bb3 Qb6 13. c4 bxc4 14. Bxc4 Nd5 15. Ne4 N7f6 16. Bb3 Nxe4 17. Qxe4 Rad8 18. Bf4 Nxf4 19. Qxf4 Bf6 20. Rac1 Rxd4 21. Rxd4 Bxd4 22. Qf3 c5 23. Rc2 Rb8 24. Qe2 a5 25. Qc4 Qb4 26. Qe2 a4 27. Rc4 Qb5 28. Bxa4 Qxb2 29. Rc2 Qa1+ 30. Kh2 Rb1 31. Qe4 Rh1+ 32. Kg3 g6 33. Bb3 Qe1 34. Qxe1 Rxe1 35. Bc4 Ra1 36. Bb3 Kf8 37. a4 Ra3 0-1

[Event "Cto Aragon Equipos 2025 - Preferente"]
[Site "Aragon"]
[Date "2025.02.01"]
[Round "2.38"]
[White "Gaspar Calvo, Luis Alberto"]
[Black "Iglesias Fernandez, Luis"]
[Result "1/2-1/2"]
[WhiteElo "1901"]
[BlackElo "1858"]
[PlyCount "95"]
[GameId "2147807427611695"]
[EventDate "2025.01.25"]
[EventCountry "ESP"]
[WhiteTeam "Marcos Frechin C"]
[BlackTeam "Palacio De Pioneros B"]

1. e4 g6 2. d4 Bg7 3. Nc3 d6 4. f4 Nf6 5. Nf3 O-O 6. e5 dxe5 7. fxe5 Nd5 8. Bc4 Be6 9. Bb3 c5 10. dxc5 Nxc3 11. Qxd8 Rxd8 12. bxc3 Nd7 13. Bxe6 fxe6 14. Rb1 Nxc5 15. Be3 Ne4 16. Rxb7 Nxc3 17. O-O Rdb8 18. Rxb8+ Rxb8 19. Bxa7 Ra8 20. Bc5 Rxa2 21. Bxe7 Rxc2 22. Ng5 Rc1 23. Rxc1 Ne2+ 24. Kf2 Nxc1 25. Bf6 Nd3+ 26. Kg3 Bxf6 27. exf6 Nc5 28. Kf4 h6 29. Ne4 Nd7 30. h4 Kf7 31. g4 e5+ 32. Kf3 Nxf6 33. Nc5 Ke7 34. g5 hxg5 35. hxg5 Nd7 36. Nb7 Nf8 37. Ke4 Ne6 38. Kxe5 Nxg5 39. Nc5 Nf7+ 40. Kf4 Nd8 41. Kg5 Kf7 42. Ne4 Ne6+ 43. Kh6 Nf8 44. Ng5+ Kf6 45. Ne4+ Kf5 46. Ng5 Nd7 47. Nf3 Nf8 48. Nh4+ 1/2-1/2

[Event "Cto Aragon Equipos 2025 - Preferente"]
[Site "Aragon"]
[Date "2025.02.01"]
[Round "2.39"]
[White "Crespo Laborda, Alberto"]
[Black "Torres Ferrandez, Mario"]
[Result "1/2-1/2"]
[WhiteElo "1845"]
[BlackElo "1889"]
[PlyCount "79"]
[GameId "2147807427644464"]
[EventDate "2025.01.25"]
[EventCountry "ESP"]
[WhiteTeam "Palacio De Pioneros B"]
[BlackTeam "Marcos Frechin C"]

1. d4 g6 2. c4 Bg7 3. e4 d6 4. Nc3 e5 5. d5 Nf6 6. Nf3 O-O 7. h3 a5 8. Be3 Na6 9. Nd2 Nd7 10. g4 f5 11. gxf5 gxf5 12. exf5 Ndc5 13. f6 Qxf6 14. Nde4 Qg6 15. f3 Qh5 16. Rg1 Kh8 17. Qd2 Qh4+ 18. Qf2 Qxf2+ 19. Kxf2 Bf5 20. Ke2 Rf7 21. h4 Raf8 22. Bxc5 Nxc5 23. Nxc5 dxc5 24. Ne4 Bxe4 25. fxe4 Rf4 26. Bg2 Rxh4 27. Rh1 Bf6 28. Bf3 Rxh1 29. Rxh1 Bg5 30. Bg4 Kg7 31. Rf1 Bf4 32. Kf3 Kf6 33. Rh1 h6 34. Rh5 Ke7 35. a4 c6 36. Rh1 cxd5 37. exd5 Rf6 38. b3 Rb6 39. Rb1 Kf6 40. Bd7 1/2-1/2

[Event "Cto Aragon Equipos 2025 - Preferente"]
[Site "Aragon"]
[Date "2025.02.01"]
[Round "2.40"]
[White "De Francisco Gracia, Diego"]
[Black "Caballero Ortin, Jorge"]
[Result "0-1"]
[WhiteElo "1749"]
[BlackElo "1831"]
[PlyCount "80"]
[GameId "2147807427681329"]
[EventDate "2025.01.25"]
[EventCountry "ESP"]
[WhiteTeam "Marcos Frechin C"]
[BlackTeam "Palacio De Pioneros B"]

1. e4 c6 2. d4 d5 3. Nc3 dxe4 4. Nxe4 Nf6 5. Nxf6+ exf6 6. Nf3 Bd6 7. Bd3 O-O 8. O-O Re8 9. Bd2 Nd7 10. c3 Nf8 11. Qc2 Bg4 12. Nh4 g6 13. h3 Be6 14. Rfe1 Qd7 15. f4 f5 16. Nf3 f6 17. h4 Bd5 18. Kf2 c5 19. Be3 Ne6 20. g3 c4 21. Bf1 Be4 22. Qd1 Qc6 23. Nd2 Bd5 24. Qc2 Rac8 25. Be2 b5 26. Rg1 Ng7 27. g4 Rxe3 28. Kxe3 Bxf4+ 29. Kf2 Qe6 30. Nf1 Re8 31. Ke1 Bf3 32. Ng3 Bxg3+ 33. Rxg3 Bxe2 34. Kf2 f4 35. Rh3 f3 36. Qd2 Qxg4 37. Rh2 Bd3 38. Re1 Re2+ 39. Rxe2 fxe2 40. Qe3 Qf5+ 0-1